000 00660nam a2200253Ia 4500
005 20260121161204.0
008 008 260114s9999 xx 000 0 eng d
020 _a9781003306191
037 _aEBOOK
040 _aCRL
040 _beng
040 _cCRL
041 _2eng
041 _aeng
084 _qCRL
100 _aAku Visala; Olli-Pekka Vainio
_91041312
245 0 _aTheological Perspectives on Free Will:Compatibility, Christology, and Community
260 _bTaylor and Francis
260 _c2024
856 _uhttp://www.taylorfrancis.com/books/9781003306191
942 _cEBOOK
999 _c1608128
_d1608128